000
00220nam a22000857a 4500
008
160824b xxu||||| |||| 00| 0 eng d
100
_9
245
_a
Dass H.K
245
_a
Mathematics-IX
260
_a
New Delhi
_b
S.Chand publication
_c
2011
999
_c
2901
_d
2901